000 01352aam a2200313 i 4500
001 768714001
003 CO-MdFUSB
005 20250425143048.0
007 ta
008 250425t1976 -us |||| |||| 00| 0 eng d
020 _a0-8010-3822-7
040 _cCO-MdFUSB
041 0 _aeng
082 0 4 _223
_a239
_bG3133
100 1 _aGeisler, Norman L.
_eautor
245 1 0 _aChristian apologetics
_c/ Norman L. Geisler
264 1 _bBaker Book House,
_aGrand Rapids, Michigan :
_c[1992]
264 4 _c©1992
300 _a393 páginas
_c; 23 cm
336 _atexto
_btxt
_2rdacontent
337 _2rdamedia
_asin mediación
_bn
338 _2rdacarrier
_avolumen
_bnc
505 _gParte uno:
_tMetodología:
_aAgnosticismo. -- Racionalismo. -- Fideísmo. -- Experiencialismo. -- Evidencialismo. -- Pragmatismo. -- Combinacionalismo. -- Formulación de pruebas adecuadas para la verdad.
_gParte dos:
_tApologética Teísta
_aDeísmo. -- Panteísmo. -- Panenteísmo. -- Ateísmo. -- Teísmo.
_gParte tres:
_tApologética Cristiana
_aNaturalismo y lo sobrenatural. -- Objetivismo e historia. -- La fiabilidad histórica del Nuevo Testamento. -- La deidad y la autoridad de Jesucristo. -- La inspiración y la autoridad de la Biblia.
563 _aRústico
650 7 _aApologética
_9187
942 _cBK
945 _aJTF-925
999 _c42870
_d42870